00297nam a2200121Ia 4500008004100000100002800041245002100069260003200090300000900122650002000131942000700151999001700158190216s9999||||xx |||||||||||||| ||und|| aMalayatoor Ramakrishnan 0aThudakam Odukkam bPoorna Pubs Kozhikodec1996 a145p aMalayalam Novel cBK c25961d25961